000 00510nam a2200169Ia 4500
005 20250326130609.0
008 250326s9999 xx 000 0 und d
037 _aTextbook
040 _aFMSL
_beng
_cFMSL
041 _aeng
_2eng
084 _aB2893 Q2
_qFMSL
100 _aSokolowski J A
_9740874
245 0 _aHandbook of real-world applications in modeling and simulation
_cSokolowski J A; Banks C M
260 _aN
_bN, D Wiley
_c2012
942 _cTB
_hB2893 Q2
999 _c1283244
_d1283244